Englisch Test Unit 13-14 - Statistiken

Allgemein
  • Dieses Quiz wurde 24 mal gespielt
  • Das Durchschnittsergebnis liegt bei 11 aus 57
Antwortstatistiken
Hint Antwort % Korrekt
The earth moves/trembles Earthquake
83%
Too much rain leads to a _____ Flood
78%
war between people of the same country civil war
72%
violent wind/storm Hurricane/tornado/typhoon/tropical storm
72%
No rain for a long time drought
61%
Acquired immune deficiency syndrome; often caused by sexual contact or contact with contaminated blood AIDS
50%
The _____ was caused by a bomb explosion
50%
The flu epidemic _____ rapidly throughout the country. spread
50%
Disease affecting large numbers of people epidemic
44%
A volcano has _____ in Indonesia. - erupted
44%
people who have escaped from their own country because of war or other disaster refugees
39%
Millions are _____ as a result of the famine. starving
39%
people who live through a disaster survivors
39%
Usually caught because of mosquito bites malaria
33%
Students are usually given marks (e.g. 75%) or grades (e.g. A,B+,C). If you _____ - pass
28%
Between the ages of five and 11, children attend _____ _____, where they learn the basics of reading, writing, arithmetic etc.- primary school
28%
dead and injured people casualties
22%
Disasters not caused by human beings can be called _____ _____ natural disasters
22%
A big earthquake _____ the city at noon today. shook
22%
those who suffer the result victims
22%
injured in a battle/ by a weapon wounded
22%
Rocks and earth moving suddenly down a slope landslide
17%
People who travel from one country to another, often in order to find work migrants
17%
You _____ an exam take/do/sit
17%
hot liquid rock and gases pour from a mountain vulcano
17%
Disease causing sickness, diarrhoea etc., caused often by infected food and water Cholera and typhoid
11%
If you _____, you don't get the minimum grade. fail
11%
no food famine
11%
Disease can be caused by bite from a dog, fox, etc., very serious rabies
11%
If you _____ classes, you'll probably do badly exam. skip
11%
Using a mix of classroom and online learning blended learning
6%
Civil war has _____ _____in the north of the country. broken out
6%
or a more traditional _____ _____ - grammar school
6%
Individual elements or parts of a course modules
6%
Check regularly monitor
6%
After that they may go to a _____ _____.- nursery school
6%
A tornado _____ through the islands yesterday. swept
6%
For most children, secondary education begins when they enter a _____ _____ - comprehensive school
0%
Between the age 11 and 18, young people take a wide range of subjects in arts, sciences and technical areas. In the UK, pupils can leave school at the age of 16, although many young people choose to remain in full-time education until the age of 18. (In England it is _____ for young people to continue with some form of education or training until they are 18 (they must do it), even if they also have a job.)- compulsory
0%
At what age does _____ education begin? (which you must do, by law) compulsory
0%
The youngest people start their education in a _____, where they mostly play but also do some early learning activities.- crèche
0%
Learning without attending classes, e.g. from home Distance learning
0%
and _____ _____, you get a high grade. do well
0%
At schools and sixth-form colleges in the UK, students have to take formal _____-_____ _____ exams. end-of year
0%
At 18, a lot of students have to take formal _____ _____, commonly referred to as 'A levels'. entrance exams
0%
Hundreds are _____ _____ feared dead
0%
(to which they _____ _____ by sitting an exam). - gain admission
0%
after which they may go on to _____ _____. higher education
0%
Computer system that controls all aspects of teaching and learning LMS (Learning Management System) or VLE (Virtual Learning Environment)
0%
e.g. a plane crash or ship sinking major accident/incident
0%
Teacher can monitor students' activities and _____. progress
0%
The famous UK _____ _____ are in fact private, fee-paying schools.- public schools
0%
Repeat the exam if you did badly first time resit
0%
What's the _____-_____ _____ ? It's 18 in a lot of countries school-leaving age
0%
From 16 to 18 young people may study at secondary school or at a _____-_____ _____, - sixth-form college
0%
send/give their work to the teacher Submit
0%
The area is _____ is worst drought for many years. suffering
0%
Keine übereinstimmenden Quizze gefunden
Verteilung der Resultate
Anzahl Personen mit jedem Resultat
Perzentil nach korrekt beantworteten Fragen
Ihre Resultats-Entwicklung
Sie haben dieses Quiz noch nicht gespielt